L'imaginaire de la prostitution : De la Bohème à la Belle Époque (notice n° 2011563)

détails MARC
000 -LEADER
fixed length control field 01440cam a2200145 4500500
005 - DATE AND TIME OF LATEST TRANSACTION
control field 20260329055414.0
041 ## - LANGUAGE CODE
Language code of text/sound track or separate title fre
042 ## - AUTHENTICATION CODE
Authentication code dc
100 10 - MAIN ENTRY--PERSONAL NAME
Personal name Dottin-Orsini, Mireille
Relator term author
245 00 - TITLE STATEMENT
Title L'imaginaire de la prostitution : De la Bohème à la Belle Époque
260 ## - PUBLICATION, DISTRIBUTION, ETC.
Name of publisher, distributor, etc. Hermann,<br/>
Date of publication, distribution, etc. 2017.<br/>
520 ## - SUMMARY, ETC.
Summary, etc. Comment percevons-nous la prostitution et quelles représentations en donnons-nous ? De la miséreuse qui arpente les trottoirs à la courtisane qui court les salons, celles qu’on appelle « filles de joie » ou « femmes de mauvaise vie » empruntent des visages multiples et contrastés. La figure moderne de la prostituée s’est constituée dans la seconde moitié du xixe siècle, au fil de récits ou d’œuvres d’art qui mettent en scène des femmes soumises à la marchandisation de leur corps et au silence. Convoquant différents savoirs et sources culturelles (médecine, littérature, journaux, rapports de police, beaux-arts, chansons et opéras), cet ouvrage fournit une documentation essentielle sur l’exercice d’une violence ordinaire et la domination d’un sexe par l’autre. Il met ainsi en lumière tout un imaginaire que l’on retrouve encore aujourd’hui à l’œuvre dans les débats sur la prostitution.
700 10 - ADDED ENTRY--PERSONAL NAME
Personal name Grojnowski, Daniel
Relator term author
856 41 - ELECTRONIC LOCATION AND ACCESS
Uniform Resource Identifier <a href="https://shs.cairn.info/l-imaginaire-de-la-prostitution--9782705694586?lang=fr&redirect-ssocas=7080">https://shs.cairn.info/l-imaginaire-de-la-prostitution--9782705694586?lang=fr&redirect-ssocas=7080</a>

Pas d'exemplaire disponible.

PLUDOC

PLUDOC est la plateforme unique et centralisée de gestion des bibliothèques physiques et numériques de Guinée administré par le CEDUST. Elle est la plus grande base de données de ressources documentaires pour les Étudiants, Enseignants chercheurs et Chercheurs de Guinée.

Adresse

627 919 101/664 919 101

25 boulevard du commerce
Kaloum, Conakry, Guinée

Réseaux sociaux

Powered by Netsen Group @ 2025